Сломанный меч: исторический роман; пер. с киргиз.

Detalhes bibliográficos
Autor principal: Касымбеков Т. Толеген
Outros Autores: Лебедева Л. (переводчик)
Resumo:Исключено из фонда НТБ ТПУ
Idioma:russo
Publicado em: Москва, Известия, 1980
Formato: MixedMaterials Livro
KOHA link:https://koha.lib.tpu.ru/cgi-bin/koha/opac-detail.pl?biblionumber=319493

MARC

LEADER 00000nam0a2200000 4500
001 319493
005 20231101020926.0
035 |a (RuTPU)RU\TPU\book\345002 
090 |a 319493 
100 |a 20160601d1980 m y0rusy50 ca 
101 1 |a rus  |c kir 
102 |a RU 
105 |a a z 000ay 
200 1 |a Сломанный меч  |e исторический роман  |e пер. с киргиз.  |f Т. Касымбеков  |g пер. Л. Лебедева 
210 |a Москва  |c Известия  |d 1980 
215 |a 478 с.  |c ил. 
333 |a Исключено из фонда НТБ ТПУ 
700 1 |a Касымбеков  |b Т.  |g Толеген 
702 1 |a Лебедева  |b Л.  |4 730 
801 1 |a RU  |b 63413507  |c 20160601 
801 2 |a RU  |b 63413507  |c 20220602  |g RCR 
942 |c BK